[Event "Corus-C"]
[Site "Wijk aan Zee"]
[Date "2004.01.17"]
[Round "6"]
[White "Peng, Zhaoqin"]
[Black "Lanchava, Tea"]
[Result "0-1"]
[WhiteElo "2419"]
[BlackElo "2323"]
[Annotator "Roiz,M"]
[PlyCount "82"]
[EventDate "2004.01.10"]
[EventType "tourn"]
[EventRounds "13"]
[EventCountry "NED"]
[EventCategory "9"]
[SourceTitle "CBM 099"]
[Source "ChessBase"]
[SourceDate "2004.03.30"]
[SourceVersion "1"]
[SourceVersionDate "2004.03.30"]
[SourceQuality "1"]

1. d4 d6 {Black offers white to go for a Pirc Defence by 2.e4, but that is a
deal of taste.} 2. Nf3 g6 3. c4 {Now black can reach a Kings Indian (3...Nf6 4.
Nc3 Bg7 5.e4 0-0) but...} f5 {The point is that black has avoided some
theoretical lines of the Dutch with Nh3. Such ''opening transformations'' are
common in modern practice.} 4. Nc3 Nf6 5. b4 {A very rare approach.} (5. g3 Bg7
6. Bg2 O-O 7. O-O {leads to a critical position of the Dutch.}) 5... Bg7 (5...
a5 6. b5 Bg7 7. Bb2 Be6 8. e3 O-O 9. Be2 h6 10. Qc2 Nbd7 11. O-O Bf7 12. Rfd1
$14 {0-1 Kindl,P-Renner,C/Bad Wildbad 1993/TD (23)}) 6. Bb2 c6 {That wasn't
necessary, but after b4 black cannot place his knight on c6 anyway, so that
move is not bad at all.} (6... O-O 7. e3 Qe8 (7... e6 8. Bd3 Qe7 9. O-O e5 10.
dxe5 dxe5 11. Nd5 Nxd5 12. cxd5 Nd7 (12... e4 $1 13. Bc4 (13. d6 Qxd6 14. Bc4+
Kh8 $15) 13... Qxb4 14. Bxg7 Kxg7 15. Qd4+ Rf6 $15) 13. Qb3 Kh8 14. Be2 e4 15.
Bxg7+ Kxg7 16. Nd4 Nf6 17. Rac1 Qe5 18. Qc3 $36 {1/2-1/2 Boersma,P-Gupta,M/
Groningen 1989/EXT 98 (51)}) 8. Qb3 c5 (8... a5 $142 9. b5 e5 10. dxe5 dxe5 11.
c5+ Kh8) 9. bxc5 dxc5 10. Nd5 Na6 11. Be2 Ne4 12. O-O b6 13. a4 Rb8 14. Rfd1
Kh8 15. Nc3 $14 {1-0 Veingold,A-Bibik,J/Vantaa 1999/EXT 2000 (40)}) 7. e3 O-O
8. Bd3 $6 {[%mdl 8192] A serious tactical blunder, after which white is
already the side who has to equalize!} ({after} 8. Be2 Qc7 9. Qb3 Kh8 10. O-O {
white has some space advantage, so it is not so easy for black to get an
equality.} {For example:} e5 11. dxe5 dxe5 12. Rad1 $14 {[%csl Rd6][%cal Gc4c5]
and white has a clear plus due to the weakness on d6.}) 8... e5 9. dxe5 dxe5
10. Nxe5 $2 {That is already a serious strategical mistake - black's pawn
structure will be much better.} ({why not} 10. e4 Nh5 11. c5 Be6 12. Ne2 Nd7
13. Qc2 $11 {[%cal Gd3c4]}) 10... Qe7 11. Nf3 Qxb4 12. Qb3 (12. a3 Qe7 (12...
Qxb2 $2 13. Na4 $16 {[%csl Rb2]}) 13. O-O Nbd7 $15) 12... Na6 {The endgame is
always in black's favour.} 13. O-O Nd7 $1 {[%cal Gd7c5] The most direct! That
doesn't allows white to get control on c5.} (13... Qe7 {[%cal Ga6c5]} 14. Na4
Rd8 15. Rfd1 $11) 14. Qc2 {That is also a vulnerable placement of Q, but the
endgame could be even worse.} (14. Rad1 Ndc5 15. Qxb4 Nxb4 16. Bb1 Be6 17. a3
Nba6 $15) 14... Qe7 $15 {White's main problem is that he has no ''future''. It
means his only real plan is e3-e4, but that is too hard to realize. On the
other hand, black has good squares for his minor pieces and will just attack
white's weak pawn on c4.} 15. Rad1 ({White couldn't prevent an exchange of his
bishop anyway:} 15. a3 Ndc5 16. Be2 f4 $1 17. exf4 Bf5 $17) 15... Nb4 $6 {
Until that moment, black's play was very strong, but this move is inaccurate.}
(15... Ndc5 $142 16. Be2 Be6 17. Nd4 $15) 16. Qb1 $2 {Too passively!} ({
White could get counterplay after:} 16. Qb3 $142 $1 {[%cal Gb2a3]} Nxd3 (16...
a5 $6 17. c5+ Kh8 18. Na4 $14) 17. Rxd3 {[%cal Gb2a3]} Nc5 18. Ba3 $1 Re8 19.
Qc2 $132 {[%cal Gc3a4] and white's chanses are not worse.}) 16... Nxd3 17. Rxd3
(17. Qxd3 Qb4 $1 18. Rd2 Nb6 $17 {[%csl Rc4]}) 17... Nb6 $17 {Winning an
important pawn.} 18. Ne2 {White is trying to reach some compensation. His idea
is to change the bishops and to start some complications by h2-h4. That is a
usual tactical try after a loss of strategical fight.} Bxb2 19. Qxb2 Nxc4 20.
Qc3 Be6 21. Nf4 Bf7 22. h4 (22. Rfd1 Rfd8 23. h4 Rxd3 24. Qxd3 Nb2 25. Qd7 Re8
$17) 22... Nb6 {[%cal Gb6d5,Gf7c4] The best method of winning with extra
material is ''to change as much material as it possible''. Another important
fact that after exchange of Nf4 black bishop could reach an ideal spot d5.} (
22... Rad8 23. h5 Rxd3 24. Nxd3 $17 {[%csl Re5][%cal Gf3e5]}) 23. Rd2 {It is
clear that white hasn't succeed to complicate the position.} (23. h5 g5 24. h6
Bc4 $19) 23... Nd5 24. Qd4 ({after} 24. Qe5 Qxe5 25. Nxe5 Nxf4 26. exf4 Bd5 {
white's knight on e5 is very strong, but black should win here anyway, since
he has 2 extra pawns on the queenside.}) 24... Rad8 25. Rfd1 ({more resistant
was:} 25. Qxa7 Nxf4 26. exf4 Rxd2 27. Nxd2 Qb4 28. Nf3 {and white has more
practical chances than in the game.}) 25... b6 26. Ng5 (26. Qe5 Rde8) (26. h5
Rfe8 27. hxg6 hxg6 $17) 26... Rd7 $2 (26... Nxf4 27. Qxf4 Rxd2 28. Rxd2 Bd5 $19
) 27. Qa4 $2 {Missing a great possibility!} ({after} 27. Nxf7 $1 Qxf7 28. Qa4
$1 Rc8 29. Nxd5 Rxd5 30. Rxd5 cxd5 31. Qd4 $15 {white has great chances of
drawing due to the weakness of Kg8 and Pd5.}) 27... b5 28. Qa6 Rc7 {Now white
has no useful move, so the exchanges are unavoidable.} 29. Nxf7 Nxf4 30. Nd8 $2
{That is a decisive mistake, that allows black to simplify the position.} (30.
Nh6+ Kg7 31. exf4 (31. Nxf5+ Rxf5 32. exf4 Rxf4 $19) 31... Kxh6 $19) ({better
was} 30. exf4 Rxf7 31. g3 $17 {and white's pieces are very active.}) 30... Ne2+
$1 31. Rxe2 (31. Kf1 Nc3 32. Nxc6 Qxh4 $19 {[%cal Gh4h1]}) 31... Rxd8 32. Rxd8+
Qxd8 $19 33. Qa5 Rd7 34. Qb4 Rd1+ 35. Kh2 Qd6+ {The rest is simple.} 36. Qxd6
Rxd6 37. Rc2 Kf7 38. Kg3 a5 39. a4 (39. Kf4 a4 40. e4 fxe4 41. Kxe4 Ke6 $19)
39... b4 40. Rc5 b3 41. Rxa5 Rd7 {[%mdl 48]} 0-1

[Event "Amsterdam Euwe Memorial"]
[Site "Amsterdam"]
[Date "1991.??.??"]
[Round "7"]
[White "Gurevich, Mikhail"]
[Black "Short, Nigel D"]
[Result "1/2-1/2"]
[WhiteElo "2650"]
[BlackElo "2635"]
[Annotator "Schussler,H"]
[PlyCount "89"]
[EventDate "1991.05.??"]
[EventType "tourn"]
[EventRounds "9"]
[EventCountry "NED"]
[EventCategory "16"]
[SourceTitle "CBM 023"]
[Source "ChessBase"]
[SourceDate "1991.08.01"]
[SourceVersion "1"]
[SourceVersionDate "1991.08.01"]
[SourceQuality "1"]

1. d4 e6 2. c4 f5 3. Nf3 Nf6 4. Nc3 Bb4 5. Qb3 a5 6. e3 O-O 7. Be2 b6 8. O-O
Bb7 9. c5 $1 Bxc3 (9... bxc5 $2 10. a3 Bxc3 11. Qxb7 $18) 10. bxc3 a4 11. Qb2
Nc6 12. cxb6 cxb6 13. c4 $14 Ba6 14. Bd2 d5 15. Rfc1 Ne4 16. Rab1 Qd7 $1 17.
cxd5 {17.Qxb6?? Rfb8 - +} Qxd5 18. Bxa6 Rxa6 19. Be1 Rb8 20. Qb5 Qxb5 21. Rxb5
Nd6 22. Rbb1 b5 23. Ng5 Nd8 24. Rc7 h6 25. Nf3 Rc6 26. Rd7 N8f7 27. Bb4 Rbc8
28. Bc5 Ne4 29. Rxb5 Nxc5 30. dxc5 (30. Rxf7 $2 Kxf7 $5 31. Ne5+ Kf8 32. Nxc6
Nd7 $19) 30... Rxc5 31. Rxc5 Rxc5 32. h3 $10 Rc1+ 33. Kh2 Rc2 34. Kg3 Rxa2 35.
Re7 a3 36. Rxe6 Rb2 37. Ra6 a2 38. Nd4 Nd6 39. f3 g5 40. h4 Kf7 41. hxg5 hxg5
42. Ra7+ Ke8 43. Kh3 f4 44. exf4 gxf4 45. g3 1/2-1/2

[Event "Dortmunder Schachtage-B 18th"]
[Site "Dortmund"]
[Date "1990.04.07"]
[Round "3"]
[White "Knaak, Rainer"]
[Black "Keitlinghaus, Ludger"]
[Result "1/2-1/2"]
[WhiteElo "2500"]
[BlackElo "2415"]
[Annotator "Schussler,H"]
[PlyCount "78"]
[EventDate "1990.04.05"]
[EventType "tourn"]
[EventRounds "11"]
[EventCountry "GER"]
[EventCategory "9"]
[SourceTitle "CBM 018"]
[Source "ChessBase"]
[SourceDate "1990.10.01"]
[SourceVersion "1"]
[SourceVersionDate "1990.10.01"]
[SourceQuality "1"]

1. d4 e6 2. c4 Bb4+ 3. Nc3 Bxc3+ $6 4. bxc3 f5 5. e3 {5. f3!? intending ...Nh3
and ...e4.} Nf6 6. Bd3 d6 7. Qc2 O-O 8. Nf3 c5 9. O-O Nc6 10. e4 cxd4 11. exf5
(11. cxd4 $2 Nb4 12. Qe2 Nxd3 13. Qxd3 fxe4 $19) 11... e5 12. Bd2 Qe8 13. Rfe1
e4 14. Bxe4 Nxe4 15. Rxe4 Qf7 16. Nxd4 Nxd4 17. Rxd4 Bxf5 18. Qd1 Be6 19. Be3
Bxc4 20. Rxd6 Bb5 21. Rd5 Bc6 22. Rg5 Qe6 23. Qd2 Rf6 24. Bd4 Rg6 25. f3 a6 26.
Re1 Qf7 27. Rxg6 hxg6 28. Re5 Re8 29. Qe3 Rxe5 30. Qxe5 Kh7 31. a3 Kg8 32. h4
Kh7 33. c4 Kg8 34. Kf2 Kh7 35. f4 Bd7 36. g3 Be6 37. Kf3 Bxc4 38. g4 Qd5+ 39.
Qxd5 Bxd5+ 1/2-1/2

[Event "Jurmala"]
[Site "Jurmala"]
[Date "1991.??.??"]
[Round "?"]
[White "Onischuk, Alexander"]
[Black "Maljutin, Evgeni"]
[Result "1-0"]
[WhiteElo "2340"]
[BlackElo "2385"]
[Annotator "Schussler,H"]
[PlyCount "87"]
[EventDate "1991.??.??"]
[EventType "tourn"]
[EventRounds "11"]
[EventCountry "URS"]
[EventCategory "4"]
[SourceTitle "CBM 024"]
[Source "ChessBase"]
[SourceDate "1991.10.01"]
[SourceVersion "1"]
[SourceVersionDate "1991.10.01"]
[SourceQuality "1"]

1. c4 f5 2. Nc3 Nf6 3. d4 g6 4. f3 c5 {Before White can build a center with
e2-e4 Black attacks. Another method is 4. - d6 5.e4 e5.} 5. d5 Bg7 6. e4 (6.
Nh3 O-O 7. e3 e5 $10 {Black had no problems in CBM 24/game 646.}) 6... fxe4 7.
fxe4 d6 8. Be2 {White doesn`t like 8.Nf3 Bg4 and plans 8.(Be2) 0-0 9.Nf3 Bg4
10.Ng5!.} Nbd7 9. Nf3 O-O 10. O-O {10.e5!? sacing a pawn is more ambitious.}
Ng4 11. h3 Nge5 12. Be3 $14 {The e5-square doesn`t fully compensate for the
e6-square.} Nxf3+ 13. Rxf3 Rxf3 14. Bxf3 Qb6 15. Qb3 Bd4 16. Bxd4 cxd4 17. Qxb6
axb6 18. Nb5 d3 19. Kf2 Ne5 20. b3 Bd7 21. Nd4 Ra3 22. Ke3 h5 23. Bd1 Kg7 24.
Nf3 Kf6 25. Nxe5 Kxe5 26. Kxd3 $18 Ra8 27. Ke3 Ra3 28. Be2 h4 29. Rf1 Ra8 30.
Rf7 Re8 31. a4 Bc8 32. Bg4 Bxg4 33. hxg4 e6 34. Rxb7 h3 35. gxh3 Rh8 36. Rxb6
Rxh3+ 37. Kf2 exd5 38. exd5 Kf4 39. Rxd6 g5 40. Rf6+ Kxg4 41. c5 Rh8 42. c6 Kh3
43. c7 g4 44. c8=Q $1 1-0

[Event "YUG-ch"]
[Site "Kladovo"]
[Date "1990.??.??"]
[Round "?"]
[White "Laketic, Gojko"]
[Black "Nikolic, Zivoslav"]
[Result "1-0"]
[WhiteElo "2425"]
[BlackElo "2455"]
[Annotator "Schussler,H"]
[PlyCount "61"]
[EventDate "1990.02.??"]
[EventType "tourn"]
[EventRounds "15"]
[EventCountry "YUG"]
[EventCategory "9"]
[SourceTitle "CBM 017"]
[Source "ChessBase"]
[SourceDate "1990.08.01"]
[SourceVersion "1"]
[SourceVersionDate "1990.08.01"]
[SourceQuality "1"]

1. c4 f5 2. d4 Nf6 3. e3 e6 4. Bd3 Bb4+ 5. Nc3 O-O 6. Nge2 Nc6 7. a3 Bxc3+ 8.
Nxc3 d6 9. Qc2 e5 10. dxe5 Nxe5 11. O-O Qe8 12. Bxf5 Bxf5 13. Qxf5 c6 {
Ingenious but unsound. 13. - Nxc4 was called for.} 14. b3 Nfg4 15. Qg5 Nxf2 16.
Rxf2 Rxf2 17. Kxf2 Qf7+ 18. Kg1 Rf8 19. Qf4 Qg6 20. Qg3 Qc2 21. Qe1 Nd3 22. Qd2
Rf2 23. Qxc2 Rxc2 24. Na2 {What a mess! But White`s problems are only
temporary.} a5 25. e4 Nc5 26. Be3 Nxb3 27. Rb1 a4 28. Nc1 Na5 29. Bf4 Rxc4 30.
Bd2 Rc5 31. Nd3 1-0

[Event "Linares 09th"]
[Site "Linares"]
[Date "1991.??.??"]
[Round "6"]
[White "Gurevich, Mikhail"]
[Black "Speelman, Jonathan S"]
[Result "1/2-1/2"]
[WhiteElo "2650"]
[BlackElo "2610"]
[Annotator "Schussler,H"]
[PlyCount "87"]
[EventDate "1991.02.??"]
[EventType "tourn"]
[EventRounds "13"]
[EventCountry "ESP"]
[EventCategory "17"]
[SourceTitle "CBM 022"]
[Source "ChessBase"]
[SourceDate "1991.06.01"]
[SourceVersion "1"]
[SourceVersionDate "1991.06.01"]
[SourceQuality "1"]

1. d4 f5 2. c4 e6 3. Nc3 Nf6 4. Nf3 Bb4 5. Qb3 a5 6. e3 {For 6.Bg5 see
Benjamin,Joe - Wessman,R, CBM 22/392.} (6. a3 a4 7. axb4 $5 axb3 8. Rxa8 $13)
6... Nc6 7. Be2 d6 8. O-O Bxc3 9. bxc3 $5 {9.Qxc3 =} a4 10. Qc2 a3 $6 {Why?
The pawn will become weak here.} 11. c5 $5 dxc5 12. Qb3 Ne4 13. Bxa3 c4 $1 14.
Bxc4 {14.Qb2 Qd5 threatening 15. - Qa5.} Na5 15. Qa4+ Bd7 16. Bb5 Nxc3 17.
Bxd7+ Qxd7 18. Qc2 Nb5 19. Bc5 Qd5 20. Ne5 Nd6 21. Qa4+ b5 22. Qb4 Nab7 23.
Rfc1 Rxa2 24. Bxd6 Rxa1 25. Rxa1 cxd6 26. Nd3 Kd7 27. Rb1 Rc8 28. h4 Nd8 29.
Qxb5+ Qxb5 30. Rxb5 $10 Rc7 31. Nf4 g6 32. Kh2 Rb7 33. Ra5 Nc6 34. Ra8 e5 35.
dxe5 dxe5 36. Nh3 Rb8 37. Ra6 h6 38. Ng1 Rb2 39. Kg3 g5 40. hxg5 hxg5 41. Nh3
f4+ 42. Kf3 g4+ 43. Kxg4 fxe3 44. fxe3 1/2-1/2

[Event "OHRA-A"]
[Site "Amsterdam"]
[Date "1990.??.??"]
[Round "2"]
[White "Kortschnoj, Viktor Lvovich"]
[Black "Van der Wiel, John"]
[Result "1/2-1/2"]
[WhiteElo "2630"]
[BlackElo "2555"]
[Annotator "Schussler,H"]
[PlyCount "126"]
[EventDate "1990.07.??"]
[EventType "tourn"]
[EventRounds "10"]
[EventCountry "NED"]
[EventCategory "14"]
[SourceTitle "CBM 020"]
[Source "ChessBase"]
[SourceDate "1991.02.01"]
[SourceVersion "1"]
[SourceVersionDate "1991.02.01"]
[SourceQuality "1"]

1. d4 f5 2. Nf3 Nf6 3. c4 e6 4. Nc3 Bb4 5. Qb3 Qe7 6. Bg5 b6 7. g3 Nc6 8. Bg2
Bb7 9. O-O Na5 10. Qc2 Nxc4 11. Nb5 d5 12. Nxc7+ Qxc7 13. Qa4+ Qd7 14. Qxb4 a5
15. Qe1 Rc8 16. a4 $5 {16.b3 +=} Nxb2 17. Qb1 Nc4 18. Ne5 Qc7 19. Nxc4 dxc4 20.
Qb5+ Kf7 21. Bf4 Qe7 22. Qxb6 Bxg2 23. Kxg2 Nd5 24. Qxa5 Qb7 25. f3 Qb2 26.
Qa7+ Kg6 27. Be5 Rhg8 28. Qd7 Rce8 29. Rfe1 c3 30. Kh3 Qd2 31. Bf4 Qxd4 32. Qd6
c2 33. Qe5 Nxf4+ 34. gxf4 Qxe5 35. fxe5 Rd8 36. Kg3 Rd2 37. a5 Ra8 38. a6 Rd4
39. Rec1 Rc4 40. Ra2 Rc6 41. Rcxc2 Raxa6 42. Rxa6 Rxa6 43. Rc7 Ra5 44. f4 Ra3+
45. Kf2 Ra4 46. Kf3 h6 47. Re7 Ra6 48. Rd7 Ra3+ 49. e3 Ra2 50. h4 Rh2 51. Kg3
Re2 52. h5+ Kxh5 53. Kf3 Rb2 54. Rxg7 Ra2 55. Rf7 Ra6 56. Rf6 Rb6 57. Ke2 Ra6
58. Kf2 Ra2+ 59. Kf3 Ra6 60. Ke2 Ra2+ 61. Kd3 Ra3+ 62. Kd4 Ra4+ 63. Kc5 Ra6
1/2-1/2

[Event "Biel SKA"]
[Site "Biel"]
[Date "1991.??.??"]
[Round "6"]
[White "Kozul, Zdenko"]
[Black "Shirov, Alexei"]
[Result "1/2-1/2"]
[WhiteElo "2560"]
[BlackElo "2610"]
[Annotator "Schussler,H"]
[PlyCount "103"]
[EventDate "1991.07.??"]
[EventType "tourn"]
[EventRounds "14"]
[EventCountry "SUI"]
[EventCategory "15"]
[SourceTitle "CBM 025"]
[Source "ChessBase"]
[SourceDate "1991.12.01"]
[SourceVersion "1"]
[SourceVersionDate "1991.12.01"]
[SourceQuality "1"]

1. d4 d5 2. c4 c6 3. e3 e6 4. Nf3 f5 $5 {This set-up is especially interesting
when White doesn`t have the option to play Bf4 or Bg5.} 5. Nc3 (5. Be2 {
Delaying Nc3 retains the option of b3 and Ba3, exchanging the "bad" B.} Nf6 6.
O-O Bd6 7. b3 $5 Qe7 8. a4 {Nasybullin,V-Guliev,S (CBM 25, game 880. White
succeds in exchanging his "bad" B, but this is not so terrible for Black. His
other B can be developed to b7 and he has nice outposts for his Ns at b4 and
e4.}) 5... Nf6 6. Be2 {Another, more "Karpovian", way to play is 6.Ne5
followed by Pf4. White has more space, but Black` s position is solid.} Bd6 7.
Qc2 O-O 8. O-O Nbd7 9. Rb1 Ne4 10. b4 a6 11. a4 Qe7 12. b5 {12.c5 is possible,
but it does give Black a free hand on the kingside.} axb5 13. axb5 c5 14. cxd5
Nxc3 15. Qxc3 exd5 16. dxc5 Nxc5 17. Ra1 Ne4 18. Qb2 $14 Be6 19. Rxa8 Rxa8 20.
g3 Bf7 21. Qc2 {21.Bd2 Bh5} Qc7 $1 {Black exchanges White` s active Q which
defends the Queenside.} 22. Qxc7 Bxc7 23. Nd4 g6 24. Bb2 Kf8 25. Rc1 Bb6 26.
Nf3 Ke7 27. Bd4 Bd8 28. Rc2 Be8 $1 29. Kg2 Ke6 30. h4 Nd6 31. Ng5+ $6 Bxg5 32.
hxg5 Bxb5 $15 33. Bxb5 Nxb5 34. Rb2 Nxd4 35. exd4 Ra7 36. Kf3 Kd6 37. Kf4 Ra4
38. Rxb7 Rxd4+ 39. Ke3 Re4+ 40. Kd3 Re7 41. Rb1 Ra7 42. Rh1 $1 $10 f4 $5 43.
gxf4 Ke6 44. Rh4 Kf5 45. Ke3 Re7+ 46. Kd3 Ra7 47. Ke3 Ra3+ 48. Ke2 Ke4 49. f3+
Kf5 50. Rxh7 Kxf4 51. Rf7+ Kxg5 52. f4+ 1/2-1/2